Countries Of The World (no map 2 minutes and a half) - Statistics

General Stats
  • This quiz has been taken 17 times
  • The average score is 67 of 196
Answer Stats
Answer % Correct
Europe United Kingdom
93%
Europe/Asia Russia
87%
N. America United States
87%
S. America Argentina
80%
Europe Germany
80%
S. America Brazil
73%
N. America Canada
73%
N. America Mexico
73%
Europe Spain
73%
Europe Sweden
73%
N. America Bahamas
67%
Asia China
67%
Europe France
67%
Europe Norway
67%
S. America Uruguay
67%
Europe Austria
60%
S. America Bolivia
60%
S. America Chile
60%
N. America Cuba
60%
Africa Egypt
60%
Europe Iceland
60%
Europe Italy
60%
S. America Peru
60%
N. America Costa Rica
53%
Europe Croatia
53%
Africa Democratic Republic Of The Congo
53%
Europe Finland
53%
Asia Iran
53%
Asia Iraq
53%
Europe Ireland
53%
N. America Jamaica
53%
Europe Monaco
53%
Africa Morocco
53%
S. America Paraguay
53%
Europe Poland
53%
Africa Algeria
47%
Europe Andorra
47%
N. America Barbados
47%
S. America Colombia
47%
Europe Denmark
47%
N. America Dominica
47%
N. America Dominican Republic
47%
N. America Haiti
47%
Asia Japan
47%
Europe Portugal
47%
Asia Qatar
47%
Africa Republic Of The Congo
47%
Europe Slovakia
47%
Europe Slovenia
47%
Europe Switzerland
47%
Asia Turkey
47%
Africa Uganda
47%
Europe Ukraine
47%
Africa Angola
40%
Oceania Australia
40%
Europe Belgium
40%
N. America Belize
40%
S. America Ecuador
40%
Africa Gabon
40%
Africa Gambia
40%
Asia Georgia
40%
Africa Ghana
40%
S. America Guyana
40%
N. America Honduras
40%
Asia India
40%
Europe Kosovo
40%
Europe Latvia
40%
Europe Lithuania
40%
Europe Netherlands
40%
Africa Niger
40%
Africa Nigeria
40%
Asia Pakistan
40%
N. America Panama
40%
Europe Serbia
40%
S. America Suriname
40%
Europe Vatican City
40%
S. America Venezuela
40%
Europe Albania
33%
Asia Armenia
33%
Asia Azerbaijan
33%
Asia Bahrain
33%
Africa Benin
33%
Europe Bosnia And Herzegovina
33%
Europe Bulgaria
33%
Africa Cameroon
33%
Europe Czech Republic
33%
Europe Estonia
33%
Africa Ethiopia
33%
Europe Greece
33%
N. America Guatemala
33%
Africa Guinea
33%
Europe Hungary
33%
Africa Kenya
33%
Europe Luxembourg
33%
Europe Malta
33%
N. America Nicaragua
33%
Asia Oman
33%
Europe Romania
33%
N. America Saint Kitts And Nevis
33%
N. America Saint Lucia
33%
Europe San Marino
33%
Africa Senegal
33%
Africa Tunisia
33%
Africa Zambia
33%
Africa Zimbabwe
33%
Asia Afghanistan
27%
N. America Antigua And Barbuda
27%
Africa Botswana
27%
Africa Burundi
27%
Africa Chad
27%
Asia Cyprus
27%
Africa Djibouti
27%
N. America El Salvador
27%
Africa Eritrea
27%
Oceania Fiji
27%
N. America Grenada
27%
Asia Indonesia
27%
Asia Israel
27%
Asia Kuwait
27%
Asia Laos
27%
Africa Liberia
27%
Africa Libya
27%
Europe Liechtenstein
27%
Africa Mali
27%
Europe Moldova
27%
Europe Montenegro
27%
Africa Namibia
27%
Oceania Nauru
27%
Oceania New Zealand
27%
Oceania Palau
27%
Africa Rwanda
27%
N. America Saint VIncent And The Grenadines
27%
Africa Somalia
27%
Africa Sudan
27%
Africa Tanzania
27%
Africa Togo
27%
Oceania Tonga
27%
N. America Trinidad And Tobago
27%
Asia Vietnam
27%
Asia Yemen
27%
Asia Bangladesh
20%
Europe Belarus
20%
Asia Bhutan
20%
Africa Burkina Faso
20%
Africa Central African Republic
20%
Africa Equatorial Guinea
20%
Africa Eswatini
20%
Africa Guinea-Bissau
20%
Asia Jordan
20%
Asia Lebanon
20%
Africa Malawi
20%
Asia Malaysia
20%
Africa Mauritania
20%
Asia Mongolia
20%
Africa Mozambique
20%
Europe North Macedonia
20%
Oceania Samoa
20%
Africa Seychelles
20%
Africa South Sudan
20%
Asia Syria
20%
Asia Taiwan
20%
Asia Thailand
20%
Oceania Tuvalu
20%
Asia United Arab Emirates
20%
Asia Cambodia
13%
Africa Comoros
13%
Africa Ivory Coast
13%
Oceania Kiribati
13%
Africa Lesotho
13%
Africa Madagascar
13%
Africa Mauritius
13%
Asia Myanmar
13%
Asia Nepal
13%
Asia North Korea
13%
Oceania Papua New Guinea
13%
Africa São Tomé And Príncipe
13%
Asia Saudi Arabia
13%
Africa Sierra Leone
13%
Oceania Solomon Islands
13%
Africa South Africa
13%
Asia South Korea
13%
Asia Brunei
7%
Africa Cape Verde
7%
Asia Kazakhstan
7%
Asia Kyrgyzstan
7%
Oceania Marshall Islands
7%
Oceania Micronesia
7%
Asia Philippines
7%
Asia Singapore
7%
Asia Sri Lanka
7%
Asia Tajikistan
7%
Asia Turkmenistan
7%
Asia Uzbekistan
7%
Oceania Vanuatu
7%
Asia Maldives
0%
Asia Timor-Leste
0%
No matching quizzes found
Score Distribution
Percent of People with Each Score
Percentile by Number Answered
Your Score History
You have not taken this quiz